| 000 | 00515nam a2200193 a 4500 | ||
|---|---|---|---|
| 001 | 1767765542611 | ||
| 003 | YourLibrary | ||
| 005 | 20260107144640.0 | ||
| 008 | 260107s2003##################000#0#eng## | ||
| 020 | _a9780761974383 | ||
| 082 | 0 | 4 |
_a300.72097 _bBOU.3 |
| 100 | 1 |
_aBoudon, Raymond, _eauthor. |
|
| 245 | 1 | 0 | _aThe European Tradition in Qualitative Research : |
| 260 | _c2003. | ||
| 300 | _a424 pages | ||
| 650 | 0 | _aQualitative research. | |
| 942 | _cENGLISH | ||
| 040 |
_aYourLibrary _beng _cYourLibrary |
||
| 999 |
_c607523 _d607523 |
||